|
|
|
|
| LEADER |
01227nam a2200301 a 4500 |
| 001 |
3468265 |
| 008 |
090916s1994 nyu b 001 0 eng d |
| 010 |
|
|
|a 93012836
|
| 020 |
|
|
|a 0816173818 (hc : acid-free paper)
|
| 020 |
|
|
|a 0816116083 (pb : acid-free paper)
|
| 040 |
|
|
|a DLC
|c DLC
|d DLC
|
| 082 |
0 |
0 |
|a 363.3/4
|2 20
|
| 100 |
1 |
|
|a Aptekar, Lewis.
|
| 245 |
1 |
0 |
|a Environmental disasters in global perspective /
|c Lewis Aptekar.
|
| 260 |
|
|
|a New York :
|b G.K. Hall ;
|a Toronto :
|b Maxwell Macmillan Canada ;
|a New York :
|b Maxwell Macmillan International,
|c c1994.
|
| 300 |
|
|
|a x, 198 p. ;
|c 22 cm.
|
| 490 |
0 |
|
|a Social issues in global perspective
|
| 504 |
|
|
|a Includes bibliographical references (p. 167-195) and index.
|
| 541 |
1 |
|
|e 00015359
|
| 650 |
|
0 |
|a Emergency management.
|
| 650 |
|
0 |
|a Disasters
|x Psychological aspects.
|
| 650 |
|
0 |
|a Disaster relief.
|
| 650 |
|
0 |
|a Disaster victims
|x Psychology.
|
| 650 |
|
0 |
|a Environmental disasters
|x Juvenile literature.
|
| 852 |
4 |
|
|a Ayesha Abed Library
|j General Shelf.
|
| 942 |
0 |
0 |
|0 1
|
| 999 |
|
|
|c 4163
|d 4163
|
| 952 |
|
|
|0 0
|1 0
|2 ddc
|4 0
|6 363_340000000000000_APT_1994
|7 0
|9 3830
|a BRACUL
|b BRACUL
|c GEN
|d 2009-10-03
|g 1100.00
|l 1
|o 363.34 APT
|p 3010015359
|r 2016-01-31
|s 2015-10-06
|t 1
|w 2009-10-03
|y BK
|